000 00642nam a2200229Ia 4500
003 OSt
005 20220923225516.0
006 a|||||r|||| 00| 0
007 ta
008 220922b |||||||| |||| 00| 0 hin d
024 _a269,743
037 _cTextual
040 _aARTS
_cARTS
_bhin
041 _2hin
_ahin
082 _aO152,1:g, [M0)
245 0 _aवितस्ता
246 _aVitastā
260 _aश्रीनगर
_b जम्मू - कश्मीर विश्वविद्यालय
_c1980
300 _a60पृ.
_ccm.
942 _hO152,1:g, [M0)
_cTEXL
_2CC
999 _c378707
_d378707